000 00341nam a2200121Ia 4500
008 220901s9999||||xx |||||||||||||| ||und||
082 _a005.74 DLI
100 _aA Dline Journal
245 0 _aInternational Journals of web applications
250 _aVol. 4 Issue No. 1,2,3 &4
260 _bA Dline Journal
_c2012
650 _aWeb Applications
999 _c193475
_d193475